| 000 | 00522 a2200181 4500 | ||
|---|---|---|---|
| 003 | OSt | ||
| 005 | 20240127114251.0 | ||
| 008 | 240127b |||||||| |||| 00| 0 eng d | ||
| 020 | _a9789391376154 | ||
| 040 | _coclc | ||
| 082 |
_a297.4 _bRAN/M |
||
| 100 |
_aRandathani, Husain _91881 |
||
| 245 |
_aMujadhide Alfa Sani Shaikh Ahmed Sr'hindi / _cHusain Randathani |
||
| 250 | _a1st ed. | ||
| 260 |
_aCalicut: _bIPB Books, _c2021. |
||
| 300 | _a90p. | ||
| 942 |
_2ddc _cBK _h297.4 _iRAN/M _k297.4 _mRAN/M |
||
| 999 |
_c43325 _d43325 |
||